| 000 | 00795nam a2200241Ia 4500 | ||
|---|---|---|---|
| 003 | OSt | ||
| 005 | 20220926044308.0 | ||
| 006 | a|||||r|||| 00| 0 | ||
| 007 | ta | ||
| 008 | 220923b |||||||| |||| 00| 0 eng d | ||
| 037 | _cGeneral Book | ||
| 040 |
_aRTL _cRTL _beng |
||
| 041 |
_2eng _aeng |
||
| 082 | _aX9(J)Og(D2).23731Br | ||
| 110 |
_aPunjab. Economics and statistical organisation, economics inquiry(board of-) _9348791 |
||
| 245 | 0 | _aEffects of Bhakra Dam Irrigation on the economy of | |
| 300 |
_a124p. _ccm. |
||
| 490 | _aits publication no. 65. | ||
| 650 | _aAgricultural Industry | ||
| 700 |
_aPunjab. Economics and statistical organisation, economics inquiry(board of-) _9348792 |
||
| 942 |
_hX9(J)Og(D2).23731Br _cGB _2CC |
||
| 999 |
_c674455 _d674455 |
||